[Event "RSA-chT U18"]
[Site "Cape Town"]
[Date "2016.01.06"]
[Round "6.6"]
[White "Hug, Rigardt"]
[Black "Mampane, Mohlomphegi"]
[Result "0-1"]
[WhiteElo "1202"]
[BlackElo "1240"]
[PlyCount "132"]
[EventDate "2016.01.04"]
[EventType "team-tourn"]
[EventRounds "7"]
[EventCountry "RSA"]
[SourceTitle "CBM 170 Extra"]
[Source "ChessBase"]
[SourceDate "2016.02.25"]
[SourceVersion "1"]
[SourceVersionDate "2016.02.25"]
[SourceQuality "1"]
[WhiteTeam "Kenneth Kaunda"]
[BlackTeam "Capricorn"]
[WhiteTeamCountry "RSA"]
[BlackTeamCountry "RSA"]

1. e4 c6 2. e5 d6 3. exd6 exd6 4. Nf3 Nf6 5. Nc3 Be7 6. Bc4 d5 7. Bb3 Be6 8. d3 Nbd7 9. Qe2 Bb4 10. Bd2 0-0 11. 0-0-0 b5 12. a3 Bd6 13. Ng5 Re8 14. Nb1 Bg4 15. Qf1 Bxd1 16. Qxd1 h6 17. Nf3 c5 18. c4 bxc4 19. dxc4 Nb6 20. cxd5 c4 21. Ba2 Nfxd5 22. Ba5 Qf6 23. Bxb6 Nxb6 24. Nc3 Rab8 25. Qc2 Be5 26. Nxe5 Qxe5 27. Nd1 a5 28. Ne3 Qg5 29. Kb1 Rbc8 30. g3 Qc5 31. Rc1 Qd4 32. Bxc4 Nxc4 33. Nxc4 Re4 34. b3 a4 35. Qd2 axb3 36. Qxd4 Rxd4 37. Ne3 Rcd8 38. Rf1 Rd2 39. Kc1 Ra2 40. Nc4 Rc2+ 41. Kb1 Rxc4 42. Kb2 Rb8 43. Rc1 Rxc1 44. Kxc1 b2+ 45. Kb1 Rb3 46. a4 Ra3 47. Kxb2 Rxa4 48. h4 Re4 49. Kc3 Kh7 50. Kd3 Re7 51. Kd2 Kg6 52. Kd3 f5 53. Kd2 Kh5 54. f3 g5 55. hxg5 hxg5 56. Kd3 f4 57. gxf4 gxf4 58. Kd4 Re3 59. Kd5 Rxf3 60. Ke4 Kg4 61. Ke5 Re3+ 62. Kf6 f3 63. Kg6 f2 64. Kg7 f1Q 65. Kg8 Re7 66. Kh8 Qf8# 0-1

[Event "RSA-chT U18"]
[Site "Cape Town"]
[Date "2016.01.04"]
[Round "1.6"]
[White "Hug, Rigardt"]
[Black "Woest, Herman"]
[Result "1/2-1/2"]
[WhiteElo "1202"]
[BlackElo "1323"]
[PlyCount "38"]
[EventDate "2016.01.04"]
[EventType "team-tourn"]
[EventRounds "7"]
[EventCountry "RSA"]
[SourceTitle "CBM 170 Extra"]
[Source "ChessBase"]
[SourceDate "2016.02.25"]
[SourceVersion "1"]
[SourceVersionDate "2016.02.25"]
[SourceQuality "1"]
[WhiteTeam "Kenneth Kaunda"]
[BlackTeam "Johannesburg Metro"]
[WhiteTeamCountry "RSA"]
[BlackTeamCountry "RSA"]

1. e4 c6 2. c4 d5 3. Bd3 dxe4 4. Bxe4 Nf6 5. Bf3 Bf5 6. Nc3 e6 7. Qb3 Qb6 8. Na4 Qxb3 9. axb3 Na6 10. Ne2 Be4 11. Nd4 e5 12. Bxe4 Nxe4 13. Nc2 Nac5 14. Nxc5 Nxc5 15. b4 Nd3+ 16. Ke2 Nxb4 17. Nxb4 Bxb4 18. Ra4 a5 19. Re1 Kd7 1/2-1/2